All WWE NXT North American Champions - Statistics

General Stats
  • This quiz has been taken 1,357 times
    1,059 since last reset
  • The average score is 8 of 11
Answer Stats
Hint Answer % Correct
NXT Takeover: New Orleans Adam Cole
96%
NXT Takeover: Phoenix Johnny Gargano
90%
NXT Halloween Havoc Johnny Gargano
90%
NXT Takeover: War Games IV Johnny Gargano
90%
NXT Keith Lee
83%
NXT Takeover: Brooklyn IV Ricochet
78%
NXT Velveteen Dream
76%
NXT Roderick Strong
74%
NXT Takeover: XXX Damian Priest
64%
NXT Leon Ruff
50%
NXT Vacant
29%
No matching quizzes found
Score Distribution
Percent of People with Each Score
Percentile by Number Answered
Your Score History
You have not taken this quiz since the last reset